Prayer for assembly manorama (Record no. 241458)

MARC details
000 -LEADER
fixed length control field 00419nam a22001817a 4500
003 - CONTROL NUMBER IDENTIFIER
control field OSt
005 - DATE AND TIME OF LATEST TRANSACTION
control field 20260520104520.0
008 - FIXED-LENGTH DATA ELEMENTS--GENERAL INFORMATION
fixed length control field 260520b |||||||| |||| 00| 0 eng d
040 ## - CATALOGING SOURCE
Transcribing agency AL
041 ## - LANGUAGE CODE
Language code of text/sound track or separate title eng
082 ## - DEWEY DECIMAL CLASSIFICATION NUMBER
Classification number 200 FRAP
100 ## - MAIN ENTRY--PERSONAL NAME
Personal name Francis fanthome
9 (RLIN) 264158
245 ## - TITLE STATEMENT
Title Prayer for assembly manorama
260 ## - PUBLICATION, DISTRIBUTION, ETC.
Place of publication, distribution, etc. Chicago
Name of publisher, distributor, etc. Hein emann
Date of publication, distribution, etc. 2002
300 ## - PHYSICAL DESCRIPTION
Extent 124p
650 ## - SUBJECT ADDED ENTRY--TOPICAL TERM
Source of heading or term Religion
942 ## - ADDED ENTRY ELEMENTS (KOHA)
Source of classification or shelving scheme Dewey Decimal Classification
Koha item type School of Education
Holdings
Withdrawn status Lost status Source of classification or shelving scheme Damaged status Not for loan Home library Current library Date acquired Total Checkouts Full call number Barcode Date last seen Price effective from Koha item type
    Dewey Decimal Classification     St Aloysius Library St Aloysius Library 05/20/2026   200 FRAP BED05661 05/20/2026 05/20/2026 Book